00490nam a2200169Ia 4500003000900000008004100009040001600050080001500066100002500081245006600106260004400172300001000216490003900226650001700265650002000282700001800302IN-BaIIA211028s9999 xx 000 0 eng d cIIA Library a535.3bSHU aShurcliff, William A 0aPolarized LightcWilliam A. Schurcliff and Stanley S. Ballard aPrinceton, N. J.bD. Van Nostrandc1964 a144p. aVan Nostrand momemtum books; no. 7 aPolarization aPolarized Light aBallard, S.S.